| 000 | 00416nam a2200181Ia 4500 | ||
|---|---|---|---|
| 005 | 20250423100300.0 | ||
| 008 | 250422s9999 xx 000 0 und d | ||
| 020 | _a0-9708319-2-7 | ||
| 050 | _aT 14.5 .B132/ | ||
| 100 | _aJack Bacon | ||
| 245 | 0 | _aMy Step-Daughter's Watch | |
| 260 | _aUSA | ||
| 260 | _bNormandy House Publishers | ||
| 260 | _c2003 | ||
| 300 | _a333 p | ||
| 650 | _aLiterature | ||
| 942 | _cBK | ||
| 999 |
_c32828 _d32828 |
||